| 000 | 00550nam a2200169 a 4500 | ||
|---|---|---|---|
| 001 | 000039983 | ||
| 005 | 20201002033840.0 | ||
| 008 | 130801s1967 re 001 0 spa d | ||
| 040 |
_aDO-SdBNP _bspa _cBNPHU |
||
| 082 |
_a909.82 _bB268i |
||
| 100 | 1 |
_aBarraclough, Geoffrey _d1908-1984 _966207 |
|
| 245 | 1 | 3 |
_aAn introduction to contemporary history / _cGeoffrey Barraclough. |
| 260 |
_aGran BretaƱa : _bPenguin Books, _c1967. |
||
| 300 |
_a284 p. ; _c18 cm. |
||
| 650 | 4 |
_aHistoria moderna _ySIGLO XX _918490 |
|
| 910 | _aValidado. Control de calidad MFF | ||
| 999 |
_c39473 _d39473 |
||